000 00749cab a2200229 4500
001 ABS57829
008 090401t1997 xxu||||| |||| 00| 0 eng d
035 _a(Sirsi) u81774
041 _aeng
100 _aBond, P.
245 _aHistory of tone of the list - a paper from the conference Rent into Tone held on 10 April 1997 at the University of Central England by the RICS Rating Diploma Holders` Section
260 _c1997
350 _a0
490 _aThe Impugner (RICS Rating Diploma Holders` Section)
_v2(3) October 1997, (9)
520 _aConsiders the history of tone of the list.
650 _aHISTORY
650 _aRATING
650 _aTONE OF THE LIST
690 _aRATING AND VALUATION
942 _n0
948 _c29/10/1997
999 _c51559
_d51559